000 00548nam a2200169Ia 4500
008 090201s9999 xx 000 0 und d
010 _aKPL-9816
040 _bमराठी
041 _aमराठी
082 _a43964
_b9816
100 _aसुमति क्षेत्रमाडे
245 _aआधार
_cसुमति क्षेत्रमाडे
260 _c2005
_bमहाराष्ट्र ग्रंथ भांडार.
300 _a198
_bमोठा
600 _aआधार
942 _cBOOK
999 _c241002
_d241002